Ace Attorney Trilogy Characters Themes - Statistics

General Stats
  • This quiz has been taken 53 times
  • The average score is 12 of 18
Answer Stats
Hint Answer % Correct
The Fragrance of Darkness; That is Coffee Godot
95%
That's "Detective ___," Pal! Dick Gumshoe
93%
When Something Smells, It's Usually Me Larry Butz
93%
Turnabout Sisters Maya Fey
91%
Objection! Phoenix Wright
88%
Renegade Sheriff Jake Marshall
81%
Swingin' Tiger Furio Tigre
79%
Swimming, Anyone ? Damon Gant
70%
Please Listen to Meeeee! Ron DeLite
67%
Look at Me Luke Atmey
56%
A Deadly Gentleman's Delight Shelly de Killer
51%
The Visage of What Once Was Dahlia Hawthorne
49%
Reckonings and Regrets of an Aged Attorney Marvin Grossberg
49%
Turnabout Sisters 2005 Ema Skye
47%
With ___y Pearl Fey
42%
Martial Anthem of Misery Victor Kudo
40%
I Want to Protect You The Blue Badger
37%
A Gentle Melody Elise Deauxnim
33%
No matching quizzes found
Score Distribution
Percent of People with Each Score
Percentile by Number Answered
Your Score History
You have not taken this quiz